[Event "Wuerttemberg candidate op"]
[Site "Oeffingen"]
[Date "2002.08.28"]
[Round "5"]
[White "Khasdan, Viatcheslav"]
[Black "Debitsch, Rasmus"]
[Result "1/2-1/2"]
[WhiteElo "1964"]
[BlackElo "2058"]
[PlyCount "84"]
[EventDate "2002.??.??"]
[EventType "swiss"]
[EventRounds "9"]
[EventCountry "GER"]
[SourceTitle "EXT 2004"]
[Source "ChessBase"]
[SourceDate "2003.11.25"]
[SourceVersion "1"]
[SourceVersionDate "2003.11.25"]
[SourceQuality "1"]

1. d4 d5 2. e3 Nf6 3. Bd3 Nbd7 4. f4 Ne4 5. Bxe4 dxe4 6. c4 c6 7. Nc3 Nf6 8. Nge2 Bf5 9. Ng3 g6 10. 0-0 Qd7 11. b4 Bg7 12. Bd2 0-0 13. Qe2 Rfd8 14. Be1 b6 15. Nxf5 gxf5 16. c5 Ng4 17. Bf2 Qe6 18. Rfd1 bxc5 19. bxc5 Rab8 20. h3 Nxf2 21. Kxf2 Rb4 22. Rab1 Rdb8 23. Rxb4 Rxb4 24. Rb1 Rxb1 25. Nxb1 Qc8 26. Qc4 Qb7 27. Nd2 Qb2 28. Ke2 Bf6 29. g3 Qa1 30. d5 cxd5 31. Qxd5 e6 32. Qc4 Qb2 33. c6 Bc3 34. c7 Qxd2+ 35. Kf1 Qe1+ 36. Kg2 Qd2+ 37. Kf1 Qe1+ 38. Kg2 Qd2+ 39. Kh1 Qe1+ 40. Kg2 Qd2+ 41. Kh1 Qe1+ 42. Kg2 Qd2+ 1/2-1/2